[Event "DVM U10 2016"]
[Site "Magdeburg GER"]
[Date "2016.12.29"]
[Round "7"]
[White "Symanski, Philip"]
[Black "Tietz, Daniel"]
[Result "1/2-1/2"]
[Termination "normal"]
[Board "24.4"]
[WhiteElo "752"]
[BlackElo "742"]
[WhiteTeam "SF Essen-Werden"]
[BlackTeam "SC Postbauer-Heng"]
[PlyCount "70"]
[EventCountry "GER"]
[EventRounds "7"]
[EventType "team-swiss"]
[EventDate "2016.12.27"]

1. e4 e6 2. Nc3 d5 3. d3 d4 4. Nb5 a6 5. Na3 Bxa3 6. bxa3 Nf6 7. Bg5 h6 8. Bh4
g5 9. Bg3 e5 10. Nf3 Bg4 11. h3 Bxf3 12. Qxf3 Nc6 13. Rb1 b6 14. Be2 h5 15. h4
g4 16. Qf5 Nd7 17. Qg5 Qxg5 18. hxg5 O-O-O 19. f3 gxf3 20. gxf3 Rdg8 21. f4
exf4 22. Bxf4 f6 23. Rxh5 Rxh5 24. Bxh5 Rh8 25. Bf3 fxg5 26. Bxg5 Nde5 27. Ke2
Nxf3 28. Kxf3 Ne5+ 29. Kf4 Ng6+ 30. Kg4 Rg8 31. Re1 Ne5+ 32. Kf5 Nf3 33. Rc1
Nxg5 34. Rg1 Rf8+ 35. Kxg5 Rg8+ 0-1

[Event "DVM U10 2016"]
[Site "Magdeburg GER"]
[Date "2016.12.29"]
[Round "7"]
[White "Gauer, Liam"]
[Black "Przibylla, Thomas"]
[Result "1-0"]
[Termination "normal"]
[Board "25.1"]
[WhiteElo "785"]
[BlackElo "998"]
[WhiteTeam "Hagener SV 2"]
[BlackTeam "Langenfelder Schachfreunde"]
[PlyCount "61"]
[WhiteFideId "16235720"]
[EventCountry "GER"]
[EventRounds "7"]
[EventType "team-swiss"]
[EventDate "2016.12.27"]

1. d4 d5 2. Bf4 Nc6 3. Nc3 Bf5 4. Nb5 Rc8 5. e3 Nf6 6. Nf3 Nb4 7. Bd3 Nxd3+ 8.
cxd3 a6 9. Nc3 e6 10. e4 dxe4 11. dxe4 Nxe4 12. Nxe4 Bxe4 13. Ng5 Bb4+ 14. Kf1
f6 15. Nxe4 Bd6 16. Bxd6 cxd6 17. Qh5+ g6 18. Qd1 Rc6 19. Rc1 Rxc1 20. Qxc1 O-O
21. g3 Rf7 22. Kg2 Rc7 23. Qf4 f5 24. Nxd6 b5 25. Ne8 Rd7 26. Nf6+ Qxf6 27.
Qb8+ Rd8 28. Qb6 Qxd4 29. Qxe6+ Kf8 30. Re1 Re8 31. Qxe8+ 1-0

[Event "DVM U10 2016"]
[Site "Magdeburg GER"]
[Date "2016.12.29"]
[Round "7"]
[White "Brumm, Nico"]
[Black "Schlie, Valentin"]
[Result "1-0"]
[Termination "normal"]
[Board "25.2"]
[WhiteElo "901"]
[BlackElo "770"]
[WhiteTeam "Langenfelder Schachfreunde"]
[BlackTeam "Hagener SV 2"]
[PlyCount "111"]
[WhiteFideId "16257693"]
[BlackFideId "16228103"]
[EventCountry "GER"]
[EventRounds "7"]
[EventType "team-swiss"]
[EventDate "2016.12.27"]

1. e4 e5 2. Nf3 Nc6 3. d4 Bb4+ 4. c3 Be7 5. dxe5 d6 6. exd6 Bxd6 7. Bb5 Bd7 8.
Bxc6 Bxc6 9. e5 Be7 10. Qxd8+ Rxd8 11. O-O Bxf3 12. gxf3 h6 13. Be3 Bg5 14. f4
Be7 15. Bxa7 b6 16. Na3 Bxa3 17. bxa3 Ra8 18. Bxb6 cxb6 19. Rab1 Rb8 20. Rfe1
Ne7 21. c4 Nc8 22. c5 Ke7 23. c6 b5 24. c7 Rb7 25. Rec1 Kd7 26. Rd1+ Kxc7 27.
Rdc1+ Kd7 28. a4 b4 29. Rd1+ Ke6 30. Kg2 h5 31. Kg3 h4+ 32. Kg4 f5+ 33. Kg5 Ne7
34. Rd6+ Kf7 35. Rbd1 Rh6 36. Rxh6 gxh6+ 37. Kxh6 Rb6+ 38. Rd6 Rxd6+ 39. exd6
Nc6 40. d7 Ke7 41. Kg6 Nd4 42. Kg5 Kxd7 43. Kxh4 b3 44. axb3 Nxb3 45. Kg5 Nd4
46. h4 Ke8 47. a5 Nb5 48. Kxf5 Kf8 49. Kg6 Kg8 50. h5 Nc7 51. h6 Kh8 52. f5 Nb5
53. f6 Nd6 54. a6 Nb5 55. f7 Nc7 56. f8=Q# 1-0

[Event "DVM U10 2016"]
[Site "Magdeburg GER"]
[Date "2016.12.29"]
[Round "7"]
[White "Fischer, Joschua"]
[Black "Lentz, Johannes Carl"]
[Result "1-0"]
[Termination "normal"]
[Board "25.3"]
[WhiteElo "600"]
[BlackElo "600"]
[WhiteTeam "Hagener SV 2"]
[BlackTeam "Langenfelder Schachfreunde"]
[PlyCount "39"]
[WhiteFideId "16268660"]
[EventCountry "GER"]
[EventRounds "7"]
[EventType "team-swiss"]
[EventDate "2016.12.27"]

1. Nf3 c5 2. e4 e6 3. Bc4 a6 4. d3 Nc6 5. Bg5 Nf6 6. Bxf6 Qxf6 7. Nc3 Qd8 8.
Qd2 Be7 9. O-O-O O-O 10. Bb3 b5 11. e5 Bb7 12. Rhg1 Nd4 13. Qe3 Nxf3 14. gxf3
b4 15. Ne2 d5 16. Qh6 g6 17. Bxd5 exd5 18. Nf4 a5 19. Nh5 Qd7 20. Qg7# 1-0

[Event "DVM U10 2016"]
[Site "Magdeburg GER"]
[Date "2016.12.29"]
[Round "7"]
[White "Koenen, Hugo"]
[Black "Goda, Maurice"]
[Result "1-0"]
[Termination "normal"]
[Board "25.4"]
[WhiteElo "600"]
[BlackElo "600"]
[WhiteTeam "Langenfelder Schachfreunde"]
[BlackTeam "Hagener SV 2"]
[PlyCount "55"]
[BlackFideId "34640940"]
[EventCountry "GER"]
[EventRounds "7"]
[EventType "team-swiss"]
[EventDate "2016.12.27"]

1. e4 e5 2. Nf3 Nc6 3. d3 Bc5 4. Be3 Bxe3 5. fxe3 Nf6 6. Nc3 O-O 7. d4 exd4 8.
exd4 Ng4 9. Qe2 Qh4+ 10. Kd1 Qd8 11. d5 Nce5 12. h3 Nf6 13. Nxe5 c6 14. Qe1
cxd5 15. exd5 d6 16. Ng4 Nxg4 17. hxg4 Qe8 18. Qg3 Qe5 19. Qf2 Bxg4+ 20. Kc1
Rfe8 21. Kd2 Qg5+ 22. Kd3 Re3+ 23. Kd4 Rae8 24. Bb5 R8e7 25. Rae1 Re2 26. Nxe2
Rxe2 27. Rxe2 a6 28. Re8# 1-0

[Event "DVM U10 2016"]
[Site "Magdeburg GER"]
[Date "2016.12.29"]
[Round "7"]
[White "Mischke, Richard"]
[Black "Gohel, Fabian Franz"]
[Result "1-0"]
[Termination "normal"]
[Board "26.1"]
[WhiteElo "900"]
[BlackElo "882"]
[WhiteTeam "VfL Gräfenhainichen"]
[BlackTeam "SF Nordost Berlin 2"]
[PlyCount "55"]
[WhiteFideId "16255585"]
[EventCountry "GER"]
[EventRounds "7"]
[EventType "team-swiss"]
[EventDate "2016.12.27"]

1. d4 c6 2. Nf3 Nf6 3. Nc3 d5 4. g3 g6 5. Bg2 Bg7 6. O-O O-O 7. Bf4 Bf5 8. Qc1
Qc8 9. Bh6 Bh3 10. Re1 Re8 11. e4 Ng4 12. Bxg7 Bxg2 13. Kxg2 Kxg7 14. exd5 cxd5
15. Nxd5 Qc6 16. c4 e6 17. Nb4 Qc7 18. h3 Nc6 19. Nxc6 Qxc6 20. Qf4 Nf6 21.
Rac1 Rac8 22. Kg1 Re7 23. Ne5 Qd6 24. c5 Qd5 25. Red1 Rec7 26. Nc4 Rd7 27. Nd6
Ne8 28. Nxc8 1-0

[Event "DVM U10 2016"]
[Site "Magdeburg GER"]
[Date "2016.12.29"]
[Round "7"]
[White "Möbis, Lucas"]
[Black "Gertz, Amon"]
[Result "1-0"]
[Termination "normal"]
[Board "26.2"]
[WhiteElo "600"]
[BlackElo "762"]
[WhiteTeam "SF Nordost Berlin 2"]
[BlackTeam "VfL Gräfenhainichen"]
[PlyCount "51"]
[WhiteFideId "16255046"]
[EventCountry "GER"]
[EventRounds "7"]
[EventType "team-swiss"]
[EventDate "2016.12.27"]

1. e4 e5 2. Nf3 Nc6 3. Nc3 Nf6 4. d3 Be7 5. Be2 O-O 6. Be3 d6 7. Qd2 Bd7 8. O-O
Re8 9. Rfe1 Ng4 10. h3 Nxe3 11. Qxe3 Nb4 12. Qd2 c5 13. a3 Nc6 14. Nd5 Nd4 15.
c3 Nxf3+ 16. Bxf3 Bg5 17. Qc2 Bc6 18. Qb3 Bh4 19. Rad1 Qg5 20. Nc7 Bd7 21. Nxe8
Rxe8 22. g3 Bxh3 23. Qxb7 Re7 24. Qb8+ Bc8 25. Qxc8+ Re8 26. Qxe8# 1-0

[Event "DVM U10 2016"]
[Site "Magdeburg GER"]
[Date "2016.12.29"]
[Round "7"]
[White "Stockmann, Pit"]
[Black "Geiser, Lennard"]
[Result "1-0"]
[Termination "normal"]
[Board "26.3"]
[WhiteElo "735"]
[BlackElo "600"]
[WhiteTeam "VfL Gräfenhainichen"]
[BlackTeam "SF Nordost Berlin 2"]
[PlyCount "62"]
[WhiteFideId "16247000"]
[EventCountry "GER"]
[EventRounds "7"]
[EventType "team-swiss"]
[EventDate "2016.12.27"]

1. e4 e5 2. Nf3 Nc6 3. Nc3 Nf6 4. Bb5 a6 5. Ba4 Bc5 6. Nxe5 Nxe5 7. d4 Bd6 8.
dxe5 Bxe5 9. Bg5 h6 10. Bh4 Ng4 11. Bxd8 Kxd8 12. Qxg4 d6 13. Qd1 b5 14. Bb3 a5
15. Nxb5 Ba6 16. Bc4 Bxb2 17. Rb1 Bc3+ 18. Nxc3 Bxc4 19. Nd5 Bxa2 20. Rb2 Bxd5
21. exd5 Re8+ 22. Kd2 Re5 23. Re1 Rxe1 24. Qxe1 a4 25. Qb1 a3 26. Ra2 Kd7 27.
Qc1 c6 28. dxc6+ Kxc6 29. Rxa3 Rxa3 30. Qxa3 d5 31. Qc3+ Kd6 1-0

[Event "DVM U10 2016"]
[Site "Magdeburg GER"]
[Date "2016.12.29"]
[Round "7"]
[White "Dörr, Georg"]
[Black "Kuhlmann, Nils Magnus"]
[Result "1/2-1/2"]
[Termination "normal"]
[Board "26.4"]
[WhiteElo "600"]
[BlackElo "600"]
[WhiteTeam "SF Nordost Berlin 2"]
[BlackTeam "VfL Gräfenhainichen"]
[PlyCount "50"]
[BlackFideId "16287177"]
[EventCountry "GER"]
[EventRounds "7"]
[EventType "team-swiss"]
[EventDate "2016.12.27"]

1. e4 e5 2. d4 exd4 3. Qxd4 Nc6 4. Qd1 Qe7 5. Nc3 Nf6 6. Bd3 d5 7. Qe2 Bg4 8.
Nf3 O-O-O 9. Bg5 h6 10. Bxf6 gxf6 11. h3 Nd4 12. hxg4 Nxe2 13. Kxe2 d4 14. Nd5
Qd7 15. Nxf6 Qe6 16. Nh5 Qxg4 17. c3 dxc3 18. bxc3 Ba3 19. Rab1 Qxg2 20. Rhg1
Qh3 21. Nf4 Qd7 22. Bb5 Qe7 23. e5 f6 24. Ng6 Qc5 25. Nxh8 Rxh8 1/2-1/2

[Event "DVM U10 2016"]
[Site "Magdeburg GER"]
[Date "2016.12.29"]
[Round "7"]
[White "Franke, Leonhard"]
[Black "Müller-Borghardt, Jakob"]
[Result "1-0"]
[Termination "normal"]
[Board "27.2"]
[WhiteElo "773"]
[BlackElo "825"]
[WhiteTeam "SK Neumarkt"]
[BlackTeam "Stader SV 2"]
[PlyCount "51"]
[WhiteFideId "34644806"]
[EventCountry "GER"]
[EventRounds "7"]
[EventType "team-swiss"]
[EventDate "2016.12.27"]

1. e4 e5 2. Nf3 Nc6 3. Nc3 Nf6 4. Bc4 Bc5 5. Ng5 O-O 6. d3 d6 7. Qf3 Bg4 8. Qg3
Nd4 9. O-O Ne6 10. Bxe6 Bxe6 11. Nxe6 fxe6 12. Bh6 Rf7 13. Rad1 Kh8 14. Bg5 Qf8
15. Nb5 a6 16. Na3 b5 17. Nb1 a5 18. Nd2 a4 19. Nf3 c6 20. Bxf6 Rxf6 21. Ng5
Rg6 22. Qh4 Rh6 23. Qg4 Ra7 24. Nxe6 Qf6 25. Nxc5 dxc5 26. Qc8+ 1-0

[Event "DVM U10 2016"]
[Site "Magdeburg GER"]
[Date "2016.12.29"]
[Round "7"]
[White "Timofeev, Ben"]
[Black "Hierl, Andreas"]
[Result "0-1"]
[Termination "normal"]
[Board "27.3"]
[WhiteElo "788"]
[BlackElo "600"]
[WhiteTeam "Stader SV 2"]
[BlackTeam "SK Neumarkt"]
[PlyCount "64"]
[BlackFideId "34660496"]
[EventCountry "GER"]
[EventRounds "7"]
[EventType "team-swiss"]
[EventDate "2016.12.27"]

1. g3 e5 2. e4 Nf6 3. d4 Nc6 4. Bg5 h6 5. Be3 exd4 6. Bxd4 Nxe4 7. Bg2 Ng5 8.
f4 Ne6 9. c3 d5 10. Na3 Qe7 11. Nf3 Nexd4+ 12. Ne5 Nxe5 13. fxe5 Qxe5+ 14. Kf1
Qf6+ 15. Kg1 Ne6 16. Nb5 Bc5+ 17. Nd4 Nxd4 18. cxd4 Bxd4+ 19. Qxd4 Qxd4+ 20.
Kf1 Qxb2 21. Re1+ Kf8 22. Bxd5 Qb5+ 23. Re2 Qxd5 24. Rg1 Bh3+ 25. Ke1 Qa5+ 26.
Kd1 Bg4 27. Kc2 Bxe2 28. Re1 Qxe1 29. a4 Qd1+ 30. Kc3 Qd3+ 31. Kb4 a5+ 32. Kc5
Qc4# 0-1

[Event "DVM U10 2016"]
[Site "Magdeburg GER"]
[Date "2016.12.29"]
[Round "7"]
[White "Jonas, Tim"]
[Black "Schlange, Jonathan"]
[Result "1-0"]
[Termination "normal"]
[Board "28.1"]
[WhiteElo "1062"]
[BlackElo "865"]
[WhiteTeam "SF Schwerin"]
[BlackTeam "Schachzwerge Magdeburg 2"]
[PlyCount "105"]
[BlackFideId "16287240"]
[EventCountry "GER"]
[EventRounds "7"]
[EventType "team-swiss"]
[EventDate "2016.12.27"]

1. e4 e5 2. Nf3 Nc6 3. Bc4 Bc5 4. Nc3 d6 5. Nd5 Nf6 6. d3 h6 7. h3 Nxd5 8. Bxd5
Nb4 9. Be3 Bb6 10. Bxb6 axb6 11. Bc4 Be6 12. Bb3 Bxb3 13. cxb3 d5 14. a3 dxe4
15. dxe4 Nd3+ 16. Kf1 Nxb2 17. Qxd8+ Rxd8 18. g4 O-O 19. Nxe5 Rd2 20. Nf3 Rd3
21. Kg2 Rxb3 22. Ra2 b5 23. Rb1 Rd8 24. Rbxb2 Rbd3 25. Rxb5 b6 26. a4 Rb8 27.
a5 c6 28. Rxb6 Rxb6 29. axb6 Rb3 30. Ra6 c5 31. Nd2 Rb2 32. e5 Rxd2 33. b7 Rb2
34. Ra8+ Kh7 35. b8=Q Rxb8 36. Rxb8 g6 37. Rc8 h5 38. Rxc5 hxg4 39. hxg4 Kg7
40. g5 Kh7 41. Rc7 Kg7 42. e6 Kf8 43. Rxf7+ Ke8 44. Rf6 Ke7 45. Rxg6 Ke8 46.
Rf6 Ke7 47. Rf3 Ke8 48. g6 Ke7 49. g7 Kxe6 50. g8=Q+ Ke7 51. Qg6 Kd8 52. Rf7
Kc8 53. Qg8# 1-0

[Event "DVM U10 2016"]
[Site "Magdeburg GER"]
[Date "2016.12.29"]
[Round "7"]
[White "Schlange, Tamara"]
[Black "Quade, Luca"]
[Result "0-1"]
[Termination "normal"]
[Board "28.2"]
[WhiteElo "600"]
[BlackElo "911"]
[WhiteTeam "Schachzwerge Magdeburg 2"]
[BlackTeam "SF Schwerin"]
[PlyCount "86"]
[WhiteFideId "34600817"]
[EventCountry "GER"]
[EventRounds "7"]
[EventType "team-swiss"]
[EventDate "2016.12.27"]

1. e4 e5 2. Nf3 Nc6 3. Bc4 Nf6 4. d3 Bc5 5. O-O d6 6. h3 Bd7 7. Bg5 Nd4 8. Nfd2
O-O 9. Nc3 h6 10. Be3 Bb5 11. Nxb5 Nxb5 12. Bxc5 Qd7 13. a4 Nd4 14. c3 Ne6 15.
Be3 d5 16. exd5 Nxd5 17. Bxd5 Qxd5 18. Nb3 Nf4 19. Qg4 f5 20. Bxf4 fxg4 21. c4
Qxd3 22. Nc5 Qxc4 23. Be3 gxh3 24. gxh3 Rf6 25. Kg2 Rg6+ 26. Kf3 Qd5+ 27. Ke2
Rf6 28. Rfd1 Qf3+ 29. Kf1 Qxh3+ 30. Ke2 b6 31. Nb3 Qh4 32. Kd2 Rd8+ 33. Kc1
Qc4+ 34. Kb1 Rxd1+ 35. Ka2 Rxa1+ 36. Kxa1 Qxb3 37. Bc1 Rg6 38. f3 Rg1 39. Kb1
Qd3+ 40. Ka2 Rxc1 41. a5 b5 42. a6 b4 43. b3 Qc2# 0-1

[Event "DVM U10 2016"]
[Site "Magdeburg GER"]
[Date "2016.12.29"]
[Round "7"]
[White "Wiechhusen, Laurin-Elias"]
[Black "Dornheim, Anna Elisabeth"]
[Result "0-1"]
[Termination "normal"]
[Board "28.3"]
[WhiteElo "600"]
[BlackElo "600"]
[WhiteTeam "SF Schwerin"]
[BlackTeam "Schachzwerge Magdeburg 2"]
[PlyCount "46"]
[WhiteFideId "34643788"]
[BlackFideId "34644296"]
[EventCountry "GER"]
[EventRounds "7"]
[EventType "team-swiss"]
[EventDate "2016.12.27"]

1. e4 e5 2. Bc4 Bc5 3. Nf3 Nc6 4. Nc3 Nf6 5. O-O O-O 6. d3 d6 7. Nd5 Nxd5 8.
Bxd5 Qf6 9. c3 Bg4 10. Bg5 Qg6 11. Bd2 Bxf3 12. Qxf3 Rae8 13. b4 Bb6 14. a4 a5
15. b5 Bc5 16. bxc6 bxc6 17. Bc4 d5 18. exd5 e4 19. Rae1 exf3 20. g3 Rb8 21.
dxc6 Qg4 22. Re4 Qh3 23. Bf4 Qg2# 0-1

[Event "DVM U10 2016"]
[Site "Magdeburg GER"]
[Date "2016.12.29"]
[Round "7"]
[White "Gossing, Marie-Sophie"]
[Black "Avram, Luca"]
[Result "1-0"]
[Termination "normal"]
[Board "29.1"]
[WhiteElo "985"]
[BlackElo "1324"]
[WhiteTeam "Lübecker SV 1"]
[BlackTeam "SV Hemer"]
[PlyCount "135"]
[WhiteFideId "16217284"]
[BlackFideId "16225627"]
[EventCountry "GER"]
[EventRounds "7"]
[EventType "team-swiss"]
[EventDate "2016.12.27"]

1. e4 e5 2. Nf3 Nc6 3. Bc4 Bc5 4. c3 Nf6 5. d4 exd4 6. cxd4 Bb4+ 7. Nc3 Nxe4 8.
O-O Bxc3 9. bxc3 d5 10. Bb5 O-O 11. Bxc6 bxc6 12. Ba3 Re8 13. Ne5 Nxc3 14. Qf3
f6 15. Nxc6 Qd7 16. Qxc3 Ba6 17. Rfe1 Bc4 18. Rxe8+ Rxe8 19. Na5 Qe6 20. Nxc4
dxc4 21. Bb4 Qd5 22. Re1 Rxe1+ 23. Qxe1 h6 24. Bc5 a6 25. h3 c6 26. Qe8+ Kh7
27. g3 c3 28. Qe2 Qf5 29. Ba3 Qb1+ 30. Kg2 c2 31. Qd3+ Kg8 32. Kf3 c1=Q 33.
Bxc1 Qxc1 34. Qxa6 Qc3+ 35. Kg2 Qxd4 36. Qc8+ Kf7 37. Qxc6 Qa7 38. a4 Qa5 39.
Qb5 Qa8+ 40. f3 Qa7 41. a5 Ke7 42. Qb6 Qxb6 43. axb6 Kd7 44. g4 g5 45. f4 Kc6
46. Kf3 Kxb6 47. Ke4 gxf4 48. Kxf4 Kc5 49. Kf5 Kd6 50. Kxf6 Kd7 51. h4 Ke8 52.
Kg6 Kf8 53. Kxh6 Kg8 54. g5 Kh8 55. g6 Kg8 56. g7 Kf7 57. Kh7 Kf6 58. g8=Q Kf5
59. Qg5+ Ke6 60. Kg6 Kd6 61. Kf6 Kd7 62. Qe5 Kc6 63. Ke6 Kb7 64. Qd6 Ka8 65.
Qb4 Ka7 66. Kd6 Ka8 67. Kc7 Ka7 68. Qb7# 1-0

[Event "DVM U10 2016"]
[Site "Magdeburg GER"]
[Date "2016.12.29"]
[Round "7"]
[White "Jagodzinsky, Lukas"]
[Black "Hellenbroich, Helene"]
[Result "0-1"]
[Termination "normal"]
[Board "29.2"]
[WhiteElo "741"]
[BlackElo "782"]
[WhiteTeam "SV Hemer"]
[BlackTeam "Lübecker SV 1"]
[PlyCount "60"]
[WhiteFideId "16233255"]
[BlackFideId "16270754"]
[EventCountry "GER"]
[EventRounds "7"]
[EventType "team-swiss"]
[EventDate "2016.12.27"]

1. e4 e5 2. Nf3 Nc6 3. Bc4 Nf6 4. Nc3 Nxe4 5. Nxe4 d5 6. Nc3 dxc4 7. O-O Bg4 8.
d3 Nd4 9. Re1 Nxf3+ 10. gxf3 Bh3 11. dxc4 Qh4 12. Rxe5+ Be6 13. Nd5 Bd6 14. Re4
Qh3 15. Bf4 O-O 16. Kh1 Bxf4 17. Rxf4 c6 18. Ne7+ Kh8 19. Qd4 Rae8 20. Rg4 Bxg4
21. fxg4 Qf3+ 22. Kg1 Rxe7 23. Kf1 Qh3+ 24. Kg1 h6 25. Rf1 Rfe8 26. f3 Re1 27.
Rxe1 Rxe1+ 28. Kf2 Qh4+ 29. Kg2 Re2+ 30. Kh1 Qxh2# 0-1

[Event "DVM U10 2016"]
[Site "Magdeburg GER"]
[Date "2016.12.29"]
[Round "7"]
[White "Sommer, Justus"]
[Black "Möller, Maurin"]
[Result "1-0"]
[Termination "normal"]
[Board "30.1"]
[WhiteElo "862"]
[BlackElo "894"]
[WhiteTeam "Lübecker SV 2"]
[BlackTeam "SK Blauer Springer Paderborn"]
[PlyCount "45"]
[WhiteFideId "16245008"]
[BlackFideId "16265696"]
[EventCountry "GER"]
[EventRounds "7"]
[EventType "team-swiss"]
[EventDate "2016.12.27"]

1. e4 e5 2. Nf3 Nc6 3. Nc3 Nf6 4. d4 exd4 5. Nxd4 Nxd4 6. Qxd4 b6 7. Bg5 Be7 8.
Bd3 h6 9. Bh4 O-O 10. O-O Bb7 11. Rfe1 Bc5 12. Qa4 Bc6 13. Qb3 Re8 14. e5 a5
15. exf6 gxf6 16. Qc4 Rb8 17. Qf4 Rxe1+ 18. Rxe1 Qf8 19. Bxf6 Bd6 20. Qf5 Qg7
21. Bxg7 Kxg7 22. Qh7+ Kf6 23. Qxh6# 1-0

[Event "DVM U10 2016"]
[Site "Magdeburg GER"]
[Date "2016.12.29"]
[Round "7"]
[White "Lewkowicz, David"]
[Black "Schmitz, Niklas"]
[Result "0-1"]
[Termination "normal"]
[Board "30.2"]
[WhiteElo "600"]
[BlackElo "775"]
[WhiteTeam "SK Blauer Springer Paderborn"]
[BlackTeam "Lübecker SV 2"]
[PlyCount "48"]
[EventCountry "GER"]
[EventRounds "7"]
[EventType "team-swiss"]
[EventDate "2016.12.27"]

1. e4 e5 2. Nc3 Nf6 3. Nf3 Nc6 4. Bc4 Bc5 5. O-O d6 6. Na4 O-O 7. Bb5 Nh5 8.
Nxc5 dxc5 9. Bxc6 bxc6 10. g4 Bxg4 11. Nxe5 Bxd1 12. Rxd1 Qg5+ 13. Kf1 Qxe5 14.
c3 Qxe4 15. d3 Qg4 16. Re1 Rfe8 17. Rxe8+ Rxe8 18. h3 Qe6 19. Be3 Qf6 20. Bxc5
Re5 21. d4 Rf5 22. Bxa7 Qh4 23. Kg1 Qxf2+ 24. Kh1 Ng3# 0-1

[Event "DVM U10 2016"]
[Site "Magdeburg GER"]
[Date "2016.12.29"]
[Round "7"]
[White "Gossing, Maxi-Sophia"]
[Black "Rogalski, Niclas"]
[Result "1-0"]
[Termination "normal"]
[Board "30.3"]
[WhiteElo "790"]
[BlackElo "600"]
[WhiteTeam "Lübecker SV 2"]
[BlackTeam "SK Blauer Springer Paderborn"]
[PlyCount "35"]
[BlackFideId "34640320"]
[EventCountry "GER"]
[EventRounds "7"]
[EventType "team-swiss"]
[EventDate "2016.12.27"]

1. e4 e5 2. Nf3 Nf6 3. Nc3 Nc6 4. Bc4 Bc5 5. d3 Ng4 6. O-O Nxf2 7. Rxf2 Bxf2+
8. Kxf2 O-O 9. Bg5 Qe8 10. Nh4 d6 11. Kg1 a6 12. Ne2 b5 13. Bd5 Bb7 14. Qe1 Rb8
15. Qg3 Na5 16. Bf6 g6 17. Nf5 Qd7 18. Nh6# 1-0